| 000 | 00466nam a2200169Ia 4500 | ||
|---|---|---|---|
| 008 | 220216s9999 xx 000 0 und d | ||
| 100 | _aSolenova L G | ||
| 245 | 0 | _aGeneral and cancer mortality rates in rubber-processing plants(R ALERT) | |
| 260 |
_bGig Tr Prof Zabol _c1991 |
||
| 300 | _a9-Jun | ||
| 500 | _aSource Year: 1992 | ||
| 650 | _aCaner mortality rates | ||
| 650 | _aRubber processig plant | ||
| 700 | _aSmulevich V B | ||
| 856 | _uBA | ||
| 942 | _cJS | ||
| 999 |
_c59758 _d59758 |
||